00966nam a2200193 a 450000100100000000500170001000800410002702000180006804000250008610000390011124501420015026000680029230000270036050000310038795201110041895201210052995201050065099900170075500004039720201002034116.0130823s2008 000 spa d a9789703243884 aDO-SdBNPbspacBNPHU aAlaniz Álvarez, Susana A.96670010aExperimentos simples para entender una tierra complicada :bEureka! los continentes y los océanos flotan /cSusana A. Alaniz Álvarez. aMéxico :bUniversidad Nacional Autónoma de México,c2008. a27 p. :bil. ;c22 cm. aPrimera reimpresión 2008 001050718MOaGRbGRcCTd2013-08-23iLF1l0o p40397-10r2020-06-25te. 2w2020-06-25y1ZNo se presta 001053708MOaGRbGRcCTd2013-08-23iLF1l0o p40397-20r2020-06-25te. 3w2020-06-25y3ZPréstamo restringido 001050718MOaGRbGRcCTd2013-08-23iLF1l0o p40397-30r2020-06-25w2020-06-25y1ZNo se presta c39887d39887